Statistiken für Mittelrheinbahn RB26

Klicken Sie hier um das Quiz zu spielen!

Allgemein

  • Dieses Quiz wurde 55 mal gespielt
    (28 seit der letzten Aktualisierung)
  • Das Durchschnittsergebnis liegt bei 28 aus 46

Antwortstatistiken

Bahnhof% Korrekt
Köln/Bonn Flughafen
95%
Koblenz Hbf
85%
Köln Messe/Deutz
85%
Andernach
80%
Bad Breisig
80%
Bonn Hbf
80%
Köln Hbf
80%
Mainz Hbf
80%
Ingelheim
75%
Remagen
75%
Bonn Bad Godesberg
70%
Bonn UN Campus
70%
Boppard Hbf
70%
Brühl
70%
Koblenz Lützel
70%
Koblenz Stadtmitte
70%
Köln Süd
70%
Köln West
70%
St. Goar
70%
Bonn Mehlem
65%
Hürth Kalscheuren
65%
Bacharach
60%
Mainz Mombach
60%
Oberwesel
60%
Oberwinter
60%
Brohl
55%
Rhens
55%
Roisdorf
55%
Rolandseck
55%
Spay
55%
Bingen (Rhein) Hbf
50%
Bingen (Rhein) Stadt
50%
Boppard Bad Salzig
50%
Namedy
50%
Niederheimbach
50%
Sechtem
50%
Trechtingshausen
50%
Gau Algesheim
45%
Sinzig (Rhein)
45%
Weißenthurm
45%
Boppard Hirzenach
40%
Bingen Gaulsheim
35%
Budenheim
35%
Mülheim-Kärlich
35%
Uhlerborn
25%
Heidesheim (Rheinhess)
5%

Verteilung der Resultate

Perzentil nach korrekt beantworteten Fragen

Anzahl Personen mit jedem Resultat

Ihre Resultats-Entwicklung

Sie haben dieses Quiz seit der letzten Aktualisierung nicht gespielt